Heading towards Collapse? Assessment of the Slovak Party System after the 2020 General Elections
Zmeny slovenského straníckeho systému od roku 1992 do posledných parlamentných volieb v roku 2020. Tieto voľby boli ôsmymi voľbami v histórii samostatného Slovenska. Stabilita či nestabilita jednotlivých vývojových etáp straníckeho systému. Zmeny v rozložení síl v rámci vývoja straníckeho systému. V...
Gespeichert in:
| 1. Verfasser: | |
|---|---|
| Format: | Buchkapitel |
| Sprache: | Englisch |
| Schlagworte: | |
| Tags: |
Keine Tags, Fügen Sie das erste Tag hinzu!
|
MARC
| LEADER | 00000naa a2200000 4500 | ||
|---|---|---|---|
| 001 | 0279327 | ||
| 005 | 20211029085015.0 | ||
| 041 | 0 | |a eng | |
| 044 | |a SK | ||
| 245 | 1 | 0 | |a Heading towards Collapse? Assessment of the Slovak Party System after the 2020 General Elections |c Alexandra Smolecová |
| 520 | |a Zmeny slovenského straníckeho systému od roku 1992 do posledných parlamentných volieb v roku 2020. Tieto voľby boli ôsmymi voľbami v histórii samostatného Slovenska. Stabilita či nestabilita jednotlivých vývojových etáp straníckeho systému. Zmeny v rozložení síl v rámci vývoja straníckeho systému. Vybrané porovnávacie ukazovatele: Index efektívneho počtu strán a Agregačný index. Niekoľko významných míľnikov vo vývoji straníckeho systému, čo potvrdili aj parlamentné voľby v roku 2020 – zásadný prelom vo vývojových trendoch. | ||
| 610 | 2 | 0 | |a voľby |
| 610 | 2 | 0 | |a parlamenty |
| 610 | 2 | 0 | |a Slovensko |
| 610 | 2 | 0 | |a politológia |
| 100 | 1 | |a Smolecová, Alexandra | |